| 000 | 00000nam##2200000za#4500 |
| 001 | 9.662400 |
| 003 | CaOODSP |
| 005 | 20210615120530 |
| 007 | ta |
| 008 | 150407|2000||||xxc||||| f|0| 0 fre|d |
| 020 | |a0-662-65410-2 |
| 040 | |aCaOODSP|bfre |
| 041 | |aeng |
| 041 | |afre |
| 043 | |an-cn--- |
| 086 | 1 |aSC94-76/2000 |
| 110 | 1 |aCanada.|bCentre canadien de gestion. |
| 245 | 13|aLa mise en oeuvre de l'Entente-cadre sur l'union sociale : |bun outil d'apprentissage et de référence / |cpar John McLean et Geoff Dinsdale. |
| 260 | |aOttawa - Ontario : |bCentre canadien de gestion |c2000. |
| 300 | |aTexte français, viii, 60p. : |bréférences ; |c28 cm. |
| 563 | |aCouverture souple |
| 590 | |a02-22|b2002-05-31 |
| 590 | |a02-29|b2002-07-19 |
| 691 | 07|aAccord fédéral-provincial|2gcpds |
| 691 | 07|aAccord fédéral-territorial|2gcpds |
| 691 | 07|aPolitique sociale|2gcpds |
| 691 | 07|aCommerce intérieur|2gcpds |
| 720 | 1 |aMcLean, John |
| 720 | 1 |aDinsdale, Geoff |
| 776 | 0#|tLa mise en oeuvre de l'entente-cadre sur l'union sociale : |w(CaOODSP)9.640019 |
| 776 | 0#|tImplementing the social union framework agreement : |w(CaOODSP)9.695898 |
| 791 | |tImplementing the Social Union Framework Agreement : |eeng|w(CaOODSP)9.662399 |